03149nab a2200457uuc4500001000800000005001700008008004100025035001200066035002100078040001300099041000800112100003100120245011400151520150200265650001501767650002601782650002501808650003301833700004801866700004001914700002701954700004501981700003402026700003002060700003102090700002702121700002902148700003202177700003302209700003602242700003002278700002902308700002902337700002802366700003002394700002902424700003002453700003502483700004002518773013302558119558920240202094759.0100408e20090901 spa  a1195589 a(OCoLC)820534778 ccomduadb aspa10aOchoa, Carlos D.4auteaut10aEpidemiología de las vasculitis primarias en Colombia y su relación con lo informado para Latinoamérica3 aLas vasculitis primarias se expresan de forma variable entre pacientes y entre regiones, con frecuencias variables a través del mundo. Su incidencia promedio está calculada en 0,3 a 20 casos por millón de habitantes. Nosotros describimos la frecuencia de las vasculitis primarias en Colombia y la comparamos con lo informado en otros países de Latinoamérica (LA). Métodos: se revisó lo publicado en la literatura de vasculitis primaria en Colombia y en LA desde 1945 hasta 2007 en OLD Medline, Pub Med, BIREME, SciELO Colombia, LILACS. FEPAFEN, incluyendo publicaciones en inglés, español y portugués. La literatura incluye la información publicada del Hospital San Juan de Dios, Bogotá, Colombia y casos sin publicación enviados directamente por los autores. Nosotros calculamos el porcentaje para todos los casos que fueron informados para Colombia. Resultados: se identificaron 857 casos de vasculitis primaria en Colombia. La arteritis de Takayasu fue la vasculitis más frecuente en un 13,3% (114 casos) seguida de la enfermedad de Buerger en 11,2% (96 casos), las vasculitis cutáneas primarias y la poliarteritis nodosa en un 10% (86 casos) cada una. En niños, la vasculitis más frecuente fue la púrpura de Henoch Schönlein en un 24% (206 casos). En Latinoamérica se publicaron 177 artículos con 1605 casos informados. Se evidenció mayor presencia de arteritis de Takayasu en México y Brasil, y de poliangeítis microscópica en Chile y Perú. aVasculitis aArteritis de Takayasu aPoliarteritis nodosa aPurpura de Schoenlein-Henoch10aRamírez Rubio, Fabián Alberto4auteaut10aQuintana López, Gerardo4auteaut10aToro, Carlos4auteaut10aCañas Davila, Carlos Alberto4auteaut10aOsio, Luis Fernando4auteaut10aCantillo, Jorge4auteaut10aRondon, Federico4auteaut10aCoral, Paula4auteaut10aChalem, Philip4auteaut10aVásquez, Gloria4auteaut10aUribe Uribe, Oscar4auteaut10aRamirez, Luis Alberto4auteaut10aQuintana, Mario4auteaut10aArana, Beatriz4auteaut10aDomiguez, Aura4auteaut10aValle, Rafael4auteaut10aCandia, Liliana4auteaut10aMendez, Odilio4auteaut10aChalem, Monique4auteaut10aRestrepo, Jose Felix4auteaut10aIglesias Gamarra, Antonio4auteaut0 tRevista Colombiana de Reumatología (Bogotá)gVolumen 16, Número 03, Septiembre 2009, p. 248-263w319250x0121-81230102143